Sports Quiz

Random Sports or Soccer Quiz

'H' Sports Quiz Stats

 Plays Quiz not verified by Sporcle

Also try: 'G' Sports Quiz
Challenge
Share
Tweet
Embed
Score 0/30 Timer 05:00
0 Plays Today
Answer % Correct
Hogan
94.3%
Hogan
94.3%
Heat
93.9%
Hat Trick
92.7%
Hole
92.5%
Helmet
91.4%
Hand
87.9%
Hamm
83.9%
Hawks
82.8%
Hornets
78.3%
Hurdles
75.8%
Hungary
75.4%
Hamilton
72.6%
Heptathlon
71%
Holland
70.6%
Answer % Correct
Hingis
69.5%
Harding
68.3%
Hammer
68.3%
Honduras
65.4%
Haiti
63.3%
High Jump
61.8%
Hurricanes
59.7%
Howe
57%
Hook
56.8%
Hong Kong
55.4%
Hurling
55.3%
Hearts ...
53.9%
Hamill
30.7%
Heiden
22.6%
Hyman
6.1%

You're not logged in!

Compare scores with friends on all Sporcle quizzes.
OR
Log In

You Might Also Like...

Show Comments

Extras

Top Quizzes Today


Score Distribution

Your Account Isn't Verified!

In order to create a playlist on Sporcle, you need to verify the email address you used during registration. Go to your Sporcle Settings to finish the process.

Report this User

Report this user for behavior that violates our Community Guidelines.

Details: